| 000 | 00696nam a2200205 i 4500 | ||
|---|---|---|---|
| 001 | 102758 | ||
| 003 | ES-MaACL | ||
| 005 | 20230906183156.0 | ||
| 007 | t| | ||
| 008 | 051201s1987 fr ||||1| spa d | ||
| 080 | _a327.2 | ||
| 100 | 1 |
_aAbadie-Aicardi, Aníbal, _917952 |
|
| 245 | 1 | 0 |
_aExpansión territorial y "pathos" espacial _b: un aspecto de la mentalidad imperial ibérica / _cAníbal Abadie-Aicardi. |
| 260 |
_aParis : _bDiffusion de Boccard, _c[1987?] |
||
| 300 |
_ap. [253]-279 p. ; _c23 cm. |
||
| 595 | _aSeparata de: Melanges de la Casa de Velázquez, tome XXIII (1987) | ||
| 650 | 1 | 4 |
_aImperialismo. _913599 |
| 852 |
_aES-MaACL _j2199-F-8 _bR.136641 |
||
| 999 |
_c102758 _d102758 |
||